000 01562cam a2200397 a 4500
999 _c534033
_d534033
001 13674297
003 NUST
005 20200128154212.0
008 040803s2005 nyu 000 1 eng
010 _a 2004053538
020 _a0399152083 (acidfree paper)
038 _aMSOHAIL
040 _aDLC
_cDLC
_dDLC
043 _an-us-ny
050 0 0 _aPS3568.O243
_bS87 2005
082 0 0 _a813.54
_222
100 1 _aRobb, J. D.,
_d1950-
_911420
245 1 0 _aSurvivor in death /
_cJ.D. Robb.
260 _aNew York :
_bG.P. Putnam's Sons,
_cc2005.
300 _a376 p. ;
_c24 cm.
600 1 0 _aDallas, Eve
_c(Fictitious character)
_vFiction.
_928149
650 0 _aPolice
_zNew York (State)
_zNew York
_vFiction.
_911422
650 0 _aMurder victims' families
_vFiction.
_911771
650 0 _aTwenty-first century
_vFiction.
_928150
650 0 _aChild witnesses
_vFiction.
_913784
650 0 _aPolicewomen
_vFiction.
_911423
650 0 _aMass murder
_vFiction.
_928151
651 0 _aNew York (N.Y.)
_vFiction.
_94634
655 7 _aMystery fiction.
_2gsafd
_95621
655 7 _aScience fiction.
_2gsafd
_91086
856 4 2 _3Contributor biographical information
_uhttp://www.loc.gov/catdir/enhancements/fy0717/2004053538-b.html
856 4 2 _3Publisher description
_uhttp://www.loc.gov/catdir/enhancements/fy0717/2004053538-d.html
906 _a7
_bcbc
_corignew
_d1
_eocip
_f20
_gy-gencatlg
942 _2ddc
_cBK